[Event "TUR-chT2"]
[Site "Konya"]
[Date "2017.07.12"]
[Round "6.25"]
[White "Temel, Mustafa"]
[Black "Sahil, Sabahattin"]
[Result "1-0"]
[WhiteElo "1461"]
[BlackElo "1351"]
[PlyCount "68"]
[EventDate "2017.07.09"]
[EventType "team-swiss"]
[EventRounds "9"]
[EventCountry "TUR"]
[SourceTitle "CBM 179 Extra"]
[Source "ChessBase"]
[SourceDate "2017.08.23"]
[SourceVersion "1"]
[SourceVersionDate "2017.08.23"]
[SourceQuality "1"]
[WhiteTeam "Ozel Idare Karaman"]
[BlackTeam "Cedid"]
[WhiteTeamCountry "TUR"]
[BlackTeamCountry "TUR"]

1. e4 c5 2. Nf3 e6 3. Nc3 Nc6 4. Be2 d5 5. exd5 exd5 6. d4 c4 7. 0-0 h6 8. Bf4 a6 9. Re1 Be6 10. Bxc4 Nf6 11. Bb3 Bb4 12. Be5 0-0 13. Bxf6 Qxf6 14. Re3 Rfd8 15. Ne2 Rac8 16. c3 Bd6 17. Bc2 Bc7 18. Ng3 Bf4 19. Nh5 Bxh2+ 20. Kxh2 Qe7 21. Qd3 g6 22. Rae1 Qd6+ 23. Ng3 Ne7 24. Ne5 Nf5 25. R3e2 Kg7 26. Kg1 Re8 27. Nxf5+ Bxf5 28. Qg3 Bxc2 29. Rxc2 g5 30. Rce2 f6 31. Nd3 Qxg3 32. fxg3 Rxe2 33. Rxe2 Kf7 34. g4 b6 1-0